000 00793nam#a22002775ar4500
001 147
008 060216s1999####ag#abo#d|b###|||1#||spa|d
245 1 0 _aHistoria universal contemporánea :
_bProblemas, debates y puntos de vistas /
_cGonzalo De Amezola, Carlos Alberto Dicroce.
250 _a1ª ed.
260 _aBs. As. :
_bKapelusz,
_c1999.
300 _a319 p. ;
_c19 cm.
490 0 _aBiblioteca del Polimodal
020 _a9501324354
100 1 _aAmézola, Gonzalo De.
700 1 _aDicroce, Carlos Alberto.
080 _a930.23
084 _aD21
653 _aRevoluciones contemporáneas
653 _aSociedad industrial
653 _aSiglo XIX
653 _aDescolonización
040 _aAR-ClEAG
_cAR-ClEAG
005 20241107184626.0
003 AR-ClEAG
942 _cBK
999 _c147
_d147
980 _62
_aEvangelina Gallicchio
_82
_gEvangelina Gallicchio